00604nam a2200157 a 450000500170000000800410001705000190005810000140007724500710009126000370016230000130019944000290021252001730024165000130041470000190042720140414093832.0020926s19uu xx 00 eng d aVHS 900bOR 19 aTime Life aMesopotamiabreturn to EdencTime Life ; narrated by Sam Waterston aSingaporebTime Life Asiacc1995 a45 mins. aTime Life's Civilization aThe great world traditions of the Christian, Jewish and Muslim faiths all trace the roots of their civilizations to the river valleys of Mesopotamia's Fertile Crescent. aHistory. aWaterston, Sam